Les buteurs des Pays-Bas au Championnat d'Europe de football 2020 - Statistiques

Statistiques générales
  • Ce quiz a été pris 12 fois
  • Le résultat moyen est 6 sur 8
Statistiques - réponses
Match Minute Buteur % Correct
Pays-Bas - Autriche 2-0 11' Memphis Depay
92%
Macédoine du Nord - Pays-Bas 0-3 24' Memphis Depay
92%
Pays-Bas - Ukraine 3-2 52' Georginio Wijnaldum
75%
Macédoine du Nord - Pays-Bas 0-3 51' Georginio Wijnaldum
75%
Macédoine du Nord - Pays-Bas 0-3 58' Georginio Wijnaldum
75%
Pays-Bas - Ukraine 3-2 59' Wout Weghorst
75%
Pays-Bas - Ukraine 3-2 85' Denzel Dumfries
33%
Pays-Bas - Autriche 2-0 67' Denzel Dumfries
33%
Aucun quiz correspondant
Distribution des résultats
% des personnes avec chaque résultat
Percentile par nombre de réponses
Votre historique - résultats
Vous n’avez pas pris ce quiz